Guess the Fusion Rock Song Lyrics #340 - Statistics

General Stats
  • This quiz has been taken 11 times
  • The average score is 203 of 347
Answer Stats
Answers % Correct
I
100%
a
82%
and
82%
be
82%
can
82%
for
82%
go
82%
hear
82%
her
82%
is
82%
So
82%
who
82%
day
73%
heart
73%
if
73%
In
73%
me
73%
my
73%
night
73%
on
73%
some
73%
the
73%
To
73%
to
73%
won't
73%
But
64%
forever
64%
From
64%
just
64%
know
64%
nothing
64%
or
64%
said
64%
She's
64%
this
64%
too
64%
with
64%
would
64%
gonna
55%
have
55%
last
55%
off
55%
Oh
55%
hope
45%
I'd
45%
need
45%
was
45%
blues
36%
bright
36%
didn't
36%
fine
36%
Happy
36%
home
36%
shine
36%
sometime
36%
sun's
36%
takin
36%
there's
36%
tomorrow
36%
wrong
36%
better
27%
comin
27%
met
27%
playin
27%
since
27%
wish
27%
Wish
27%
wonder
27%
Everybody
18%
likes
18%
mend
18%
Michael Johnson
18%
old
18%
same
18%
show
18%
Such
18%
celebratin
9%
celebration
9%
conversation
9%
corner
9%
couple
9%
dancin
9%
disposition
9%
forget
9%
invitation
9%
kitchen
9%
laughin
9%
listen
9%
lonesome
9%
lyin
9%
music
9%
pardon
9%
Pretending
9%
rather
9%
ridiculous
9%
sit
9%
situation
9%
songs
9%
stereo
9%
beenb
0%
No matching quizzes found
Score Distribution
Percent of People with Each Score
Percentile by Number Answered
Your Score History
You have not taken this quiz